Quản lý chất lượng đào tạo cử nhân sư phạm theo tiếp cận TQM và ứng dụng công nghệ thông tin trong đại học đa ngành, đa lĩnh vực
Cơ sở lý luận về quản lý chất lượng đào tạo đại học. Thực trạng đào tạo và quản lý chất lượng đào tạo cử nhân sư phạm trong Đại học đa ngành đa lĩnh vực. Hệ thống quản lý chất lượng đào tạo trong Đại học đa ngành đa lĩnh vực theo tiếp cận TQM và ứng dụng công nghệ thông tin...
Αποθηκεύτηκε σε:
| Κύριος συγγραφέας: | |
|---|---|
| Άλλοι συγγραφείς: | , |
| Μορφή: | Βιβλίο |
| Γλώσσα: | Vietnamese |
| Έκδοση: |
H.
Trường ĐH Giáo dục - Đại học Quốc Gia Hà Nội
2015
|
| Θέματα: | |
| Ετικέτες: |
Προσθήκη ετικέτας
Δεν υπάρχουν, Καταχωρήστε ετικέτα πρώτοι!
|
| Thư viện lưu trữ: | Mạng thư viện Đại học Đà Nẵng |
|---|
| LEADER | 02088nam a2200385 4500 | ||
|---|---|---|---|
| 001 | 000024699 | ||
| 003 | 21187 | ||
| 005 | 20161230091208.0 | ||
| 008 | 161223s2015 viesd | ||
| 041 | |a vie | ||
| 082 | 1 | 4 | |a 378.154 |b NG-K |
| 100 | 1 | |a Nguyễn Trung Kiên | |
| 245 | 1 | |a Quản lý chất lượng đào tạo cử nhân sư phạm theo tiếp cận TQM và ứng dụng công nghệ thông tin trong đại học đa ngành, đa lĩnh vực |c Nguyễn Trung Kiên ; Trần Khánh Đức, Nguyễn Thị Hồng Minh hướng dẫn |k Luận Án Tiến Sĩ | |
| 260 | |a H. |b Trường ĐH Giáo dục - Đại học Quốc Gia Hà Nội |c 2015 | ||
| 300 | |a 209 tr. |b Hình mh. |c 29 cm. | ||
| 500 | |a Luận Án Tiến sĩ Quản lý giáo dục. Chuyên ngành: Quản lý giáo dục. Mã số: 62 14 01 14 | ||
| 520 | 3 | |a Cơ sở lý luận về quản lý chất lượng đào tạo đại học. Thực trạng đào tạo và quản lý chất lượng đào tạo cử nhân sư phạm trong Đại học đa ngành đa lĩnh vực. Hệ thống quản lý chất lượng đào tạo trong Đại học đa ngành đa lĩnh vực theo tiếp cận TQM và ứng dụng công nghệ thông tin | |
| 650 | 0 | 4 | |a Giáo dục đại học |v Luận án tiến sĩ |x Ứng dụng công nghệ thông tin |
| 653 | |a Quản lý giáo dục | ||
| 653 | |a Giáo dục đại học | ||
| 653 | |a Cử nhân sư phạm | ||
| 653 | |a Công nghệ thông tin | ||
| 653 | |a TQM | ||
| 700 | 1 | |a Nguyễn Thị Hồng Minh |c TS. |e Hướng dẫn | |
| 700 | 1 | |a Trần Khánh Đức |c PGS.TS. |e Hướng dẫn | |
| OWN | |a LSP | ||
| AVA | |a UDN50 |b LSP |d 378.154 NG-K |e available |t Error 5001 Not defined in file expand_doc_bib_avail. |f 1 |g 0 |h N |i 0 |k 1 | ||
| 999 | |a From the UDN01 | ||
| AVA | |a UDN50 |b LSP |d 378.154 NG-K |e available |t Error 5001 Not defined in file expand_doc_bib_avail. |f 1 |g 0 |h N |i 0 |k 1 | ||
| TYP | |a Monograph | ||
| TYP | |a Printed language | ||
| 980 | |a Mạng thư viện Đại học Đà Nẵng | ||